Lm̕ites del mar territorial

Bibliographic Details
Main Author: Saura Estap,̉ Jaume
Format: Unknown
Language:Spanish
Published: Barcelona : J.M. Bosch, 1996
Subjects:
Online Access:Acceso restringido

MARC

LEADER 00000ny a22000003n 4500
005 20110524120840.0
008 080625s1996 sp s 000 0 spa c
020 |a 8476983824 
035 |a 1119 
040 |a UMA.RE  |d vLex 
080 |a 341.225(0.034) 
090 |c 207  |d 207 
100 1 |a Saura Estap,̉ Jaume 
245 1 0 |a Lm̕ites del mar territorial  |h [Recurso electrn̤ico]  |c Jaume Saura Estap̉ 
256 |a Servicio en ln̕ea 
260 |a Barcelona :  |b J.M. Bosch,  |c 1996 
506 1 |a Contenido solo disponible en los productos indicados  |d vLex Global  |d vLex Global (Academic Edition, excluding Law Schools)  |d vLex Global (U.S. Academic Edition, Law Schools)  |d vLex Global (U.S. Academic Edition, excluding Law Schools)  |d vLex Global (Academic Edition, Law Schools) 
650 0 7 |a Derecho mart̕imo  |2 Tesauro vLex 
650 0 7 |a Derecho internacional pb︢lico  |2 Tesauro vLex 
740 0 |a vLex Libros (Servicios en ln̕ea) 
856 4 0 |u http://vlex.com/source/1119  |z Acceso restringido 
942 |c BOOK 
999 0 |a Maritime law  |b Barcelona